El Grupo de los Tres en el Gran Caribe (seminario internacional) (Registro nro. 11525)
[ vista simple ]
| 000 -LEADER | |
|---|---|
| fixed length control field | 00985nam a2200253Ia 4500 |
| 003 - CONTROL NUMBER IDENTIFIER | |
| control field | OSt |
| 005 - DATE AND TIME OF LATEST TRANSACTION | |
| control field | 20210416154200.0 |
| 008 - FIXED-LENGTH DATA ELEMENTS--GENERAL INFORMATION | |
| fixed length control field | 210310s1996 ck gr 000 0 spa d |
| 020 ## - INTERNATIONAL STANDARD BOOK NUMBER | |
| International Standard Book Number | 9589528236 |
| 040 ## - CATALOGING SOURCE | |
| Original cataloging agency | CO-JMCR |
| Transcribing agency | CO-JMCR |
| 041 0# - LANGUAGE CODE | |
| Language code of text/sound track or separate title | spa |
| 082 04 - DEWEY DECIMAL CLASSIFICATION NUMBER | |
| Classification number | 382.911729 / |
| Item number | M357g |
| Edition number | 23 |
| 110 2# - MAIN ENTRY--CORPORATE NAME | |
| Corporate name or jurisdiction name as entry element | Colombia. |
| Subordinate unit | Ministerio de Relaciones Exteriores |
| 9 (RLIN) | 3886 |
| 245 13 - TITLE STATEMENT | |
| Title | El Grupo de los Tres en el Gran Caribe (seminario internacional) |
| Statement of responsibility, etc. | Ministerio de relaciones exteriores |
| 260 ## - PUBLICATION, DISTRIBUTION, ETC. | |
| Place of publication, distribution, etc. | Bogotá : |
| Name of publisher, distributor, etc. | Tercer mundo, |
| Date of publication, distribution, etc. | 1996. |
| 300 ## - PHYSICAL DESCRIPTION | |
| Extent | 204 páginas ; |
| Dimensions | 23 cm. |
| 490 ## - SERIES STATEMENT | |
| Series statement | Coyuntura |
| 500 ## - GENERAL NOTE | |
| General note | 0 |
| 505 0# - FORMATTED CONTENTS NOTE | |
| Formatted contents note | La asociación de Estados del Caribe y la integración hemisférica. -- Cooperación energética y el pacto de San José. -- Integración cultural. -- Cooperación con Centroamérica y el Caribe en el marco del G-3. |
| 650 14 - SUBJECT ADDED ENTRY--TOPICAL TERM | |
| Topical term or geographic name entry element | Integración económica. |
| 9 (RLIN) | 25756 |
| 650 24 - SUBJECT ADDED ENTRY--TOPICAL TERM | |
| Topical term or geographic name entry element | Libre comercio. |
| 9 (RLIN) | 2688 |
| 650 24 - SUBJECT ADDED ENTRY--TOPICAL TERM | |
| Topical term or geographic name entry element | Relaciones multilaterales |
| 9 (RLIN) | 3894 |
| 942 ## - ADDED ENTRY ELEMENTS (KOHA) | |
| Source of classification or shelving scheme | Dewey Decimal Classification |
| Koha item type | Books |
| Withdrawn status | Lost status | Source of classification or shelving scheme | Damaged status | Not for loan | Home library | Current library | Shelving location | Date acquired | Source of acquisition | Total Checkouts | Full call number | Barcode | Date last seen | Date last checked out | Copy number | Price effective from | Koha item type |
|---|---|---|---|---|---|---|---|---|---|---|---|---|---|---|---|---|---|
| Dewey Decimal Classification | Biblioteca Pública José María del Castillo y Rada | Biblioteca Pública José María del Castillo y Rada | General Stacks | 04/15/2018 | Donación | 1 | 382.911729 / M357g | 430010890 | 08/20/2025 | 08/19/2025 | Ej.1 | 03/10/2021 | Books |